<?xml version="1.0" encoding="UTF-8"?>
<marc:record xmlns:marc="http://www.loc.gov/MARC21/slim">
   <marc:leader>00000nam a2200000 a 4500</marc:leader>
   <marc:datafield ind1="1" ind2=" " tag="100">
      <marc:subfield code="a">Ovidius Naso, Publius</marc:subfield>
      <marc:subfield code="4">aut</marc:subfield>
      <marc:subfield code="e">Verfasser/-in</marc:subfield>
   </marc:datafield>
   <marc:datafield ind1=" " ind2=" " tag="653">
      <marc:subfield code="a">s||Lehrgedicht</marc:subfield>
   </marc:datafield>
   <marc:datafield ind1=" " ind2=" " tag="653">
      <marc:subfield code="a">s||Latein</marc:subfield>
   </marc:datafield>
   <marc:datafield ind1="0" ind2="0" tag="245">
      <marc:subfield code="a">P. Ovidii Nasonis Elegiarvm Sive Amorvm Lib. III.</marc:subfield>
   </marc:datafield>
   <marc:datafield ind1="0" ind2="0" tag="245">
      <marc:subfield code="b">De Arte Amandi Libri Tres ; De Remedio Amoris Libri Duo ; His Accesserunt Quaedam Elegantia Nasonis poemata: In Ibin ; Ad Liviam de morte Drusi ; De Nuce ; De medicamine faciei ; Et alia quaedam eiusdem Poetae fragmenta</marc:subfield>
   </marc:datafield>
   <marc:datafield ind1=" " ind2="1" tag="264">
      <marc:subfield code="a">Coloniae Agrippinae</marc:subfield>
      <marc:subfield code="b">Fabricius</marc:subfield>
      <marc:subfield code="c">1561</marc:subfield>
   </marc:datafield>
   <marc:datafield ind1=" " ind2=" " tag="250">
      <marc:subfield code="a">[Bindeeinheit]</marc:subfield>
   </marc:datafield>
   <marc:datafield ind1="1" ind2=" " tag="520">
      <marc:subfield code="a">Erscheinungsvermerk lt. Vorlage: Coloniae Agrippinae Excudebatur Gualthero Fabritio IV.L. Anno M.D.LXI.</marc:subfield>
   </marc:datafield>
   <marc:datafield ind1=" " ind2=" " tag="300">
      <marc:subfield code="a">353 S.; 17 cm</marc:subfield>
   </marc:datafield>
</marc:record>
